Vampire Survivors Weapon Quiz - Statistics

General Stats
  • This quiz has been taken 82 times
  • The average score is 16 of 42
Answer Stats
Hint Answer % Correct
Weapon that attacks the area above the character, you might find Indiana Jones using it Whip
97%
Weapon that acts similarly to a boomerang, you would find it in a Christian church Cross
92%
Weapon that targets the closest enemy Magic wand
83%
Weapon that fires itself upward only to fall down again, useful for chopping wood Axe
81%
Weapon that creates a damaging radius around the character, goes well in a lot of dishes Garlic
81%
Weapon that fires multiple projectiles towards a random enemy Fire wand
75%
Weapon that shoots in the movement direction of the character, might find something similar in a kitchen Knife
75%
Weapon that periodically rotates around the character, you would also find it in a Christian church King bible
72%
Weapon that naturally bounces from walls, looks a bit like a star Runetracer
64%
Weapon used by Mortaccio, taken directly from skeletons Bone
61%
'Weapon' that generates a shield to protect the character from a number of hits Laurel
61%
Weapon that wipes the screen clear of enemies and items depending on luck, the exact opposite of what would go in a church Pentagram
58%
'Weapon' that freezes enemies in a ray shot from the character Clock lancet
53%
Weapon that splashes in a blaze randomly around the character, bottled version of what you would find in a few churches Santa water
50%
Weapon that zaps the ground randomly, Zeus and Thor would enjoy this Lightning ring
47%
Weapons that fly different directions around the character, you would find something similar in the street Peachone/Ebony Wings
47%
Evolution of answer 1, activates healing capabilites Bloody tear
36%
Evolution of answer 3, creates explosions on enemy contact NO FUTURE
36%
Weapon used by Cavallo, a 'sweet' explosive Cherry bomb
31%
Weapon used by Ramba, also used for transporting mined goods Carrello
28%
Weapon that causes felines to encroach from random locations, would likely knock stuff over if it could Gatti Amari
28%
Weapons that shoot in four different directions diagonally from the character, would be popular in the United States Phiera der Tuphello/Eight the Sparrow
28%
Weapon that fires a massive spread of small projectiles vertically from the character, probably written by Eminem if he had magic powers Song of Mana
28%
Weapon that leaves a trail of spikes which eventually shoot in the movement direction of the character Shadow pinion
25%
Evolution of answer 4, rapidly and continually fires in the movement direction Thousand edge
22%
Evolution of answer 9, infinite duration and knocks enemies back Unholy Vespers
19%
Evolution of answer 17, retaliates against enemies that hit and all damage is limited to 10 Crimson shroud
17%
Evolution of answer 2, slashes enemies with critical hits Heaven sword
17%
Weapon used by O'Sole, flower farting Celestial Dusting
14%
Evolution of answer 5, pierces enemies and fires meteors Hellfire
14%
Evolution of answer 16, causes enemy health to halve and is the only legitimate way to defeat death Infinite corridor
14%
Evolution of answer 7, much larger radius and lifesteal Soul eater
14%
Evolution of answer 8, death's own weapon fires in a specific way around the character Death spiral
11%
Evolution of answer 18, no longer deletes items and also vacuums gems Gorgeous Moon
11%
Evolution of answer 6, non-stop shooting Holy wand
11%
Evolution of answer 12, pulls the flames towards the character whilst increasing their area of effect La borra
11%
Evolution of answer 19, projectiles fire twice rather than once Thunder loop
11%
Evolution of answer 15, laser shooting flames replace the spikes Valkyrie Turner
8%
Union of answer 10, turns into a very powerful rainbow version of the two weapons Vandalier
8%
Evolution of answer 13, shoots the projectiles in a ring outwards from the character Mannajja
6%
Union of answer 11, large rays pulsate in a rotating fashion around the character Phieraggi
6%
Evolution of answer 14, powerful item that has a chance to midas touch enemies Vicious hunger
6%
No matching quizzes found
Score Distribution
Percent of People with Each Score
Percentile by Number Answered
Your Score History
You have not taken this quiz